000 00674nam a2200157 a 4500
008 120416s1993 ||||||||||||||||| || u
050 _aS 539.J3 Lif
245 0 0 _aLife, food and environment, 1992
_cGraduate School/Faculty of Agriculture, Kyoto University
260 _aKyoto
_bKyoto University
_c1993
300 _aiv, 439p.
350 _a0.00
500 _aAnnual report of the Graduate School/Faculty of Agriculture, Kyoto University.
650 _aAGRICULTURE--RESEARCH--JAPAN
650 _aAGRICULTURE--JAPAN
995 _D0.00
_FCBU-MAIN LIBRARY (Kitwe)
_H1
_I0.00
_M1
_UAVAILABLE
_ZAnnex Low-Usage Collection
999 _c49240
_d49240